| 000 | 01464nam a2200289 4500 | ||
|---|---|---|---|
| 003 | CO-CtgCURN | ||
| 005 | 20250329165429.0 | ||
| 008 | 160531s2007 000 0 eng d | ||
| 040 |
_aCO-CtgCURN _bspa _ccoctgcurn |
||
| 082 | 0 |
_aENF 2007 _bM385e |
|
| 100 | 1 | _aMartínez Ospino, Sulmira. | |
| 245 | 1 | 0 |
_aEvaluación de la calidad de atencion inicial de urgencias de los pacientes que asisten a los CAPS de la ESE Hospital Local Cartagena de Indias durante el periodo comprendido entre febrero y junio del año 2007 / _cSulmira Martínez Ospino, Yennis Pérez Arrieta, Ariagna Polo Ruiz. |
| 260 |
_aCartagena de Indias : _bCorporación Universitaria Rafael Núñez, _c2007. |
||
| 300 | _a217 h. | ||
| 336 | _2rdacontent | ||
| 337 |
_2rdamedia _asin mediacion _bn |
||
| 338 |
_2rdacarrier _avolumen _bnc |
||
| 502 | _aTrabajo de grado (Enfermera (o)). Corporación Universitaria Rafael Nuñez. Facultad de Ciencias de la Salud. Programa de Enfermeria, 2007. | ||
| 504 | _aIncluye bibliografia. | ||
| 590 | _aEnfemeria | ||
| 650 | 0 |
_aEnfermeria _vTesis y disertaciones academicas. |
|
| 700 | 1 | _aPérez Arrieta, Yennis. | |
| 700 | 1 | _aPolo Ruiz, Ariagna. | |
| 856 | 7 |
_uhttps://unicurn.sharepoint.com/:b:/s/biblioteca/EcGzm1-N33xNq2yahs0dxXgBUI-Q-ebhg9Mfu5K-zcXcxQ?e=STcjPA _zClick aqui para ver el recurso en texto completo |
|
| 942 |
_hENF 2007 _iM385e _2ddc _cTG |
||
| 999 |
_c3724 _d3724 |
||